1789 1164 1545 1768 1503 1058 1745 1371 1075 1097 1476 1875 1388 1804 1393 1470 1858 1198 1699 1794 1220 1762 1690 1477 1354 1125 1997 1747 1097 1670 1117 1673 1775 1377 1838 1676 1023 1023 1570 1478 1075 1754 1603 1456 1050 1191 1266 1142 1736 1514 1691 1630 1628 1427 1153 1122 1507 1300 1376 1810 1883 1596 1865 1188 1258 1173 1894 1664 1456 1719 1996 1838 1717 1613 1895 1521 1424 1925 1855 1890 1817 1063 1866 1231 1818 1932 1791 1316 1907 1602 1352 1578 1239 1065 1617 1207 1016 1143 1998 BCNSPRNW ULIB Ver.6.0+V

เปลี่ยนเป็นภาษาไทย

Change to English
 แสดงรายละเอียดบรรณานุกรม
  กลับหน้าหลัก

Brief Record : Get Marc (ISO 2709) : E-mail record : QR code < ปิดหน้าต่าง
LEADER : 00000nam 2200000uu 4500
001    13399112311
003     ULIB
008    110804s2554||||th 000 0 tha d
020    9789741114351
060  4 WS200^bป319อ
245 00 Acute care pediatrics /^cบรรณาธิการ, ประพันธ์ อ่านเปรื่อง... [และคนอื่นๆ]
250    พิมพ์ครั้งที่ 1
260    กรุงเทพฯ :^bภาควิชากุมารเวชศาสตร์คณะแพทยศาสตร์ศิริราชพยาบาล มหาวิทยาลัยมหิดล,^c2554
300    552 หน้า :^bภาพประกอบ ;^c17 ซม.
650  7 โรค^xเด็ก
653    ผลงานอาจารย์คณะแพทยศาสตร์ศิริราชพยาบาล
700 0  ประพันธ์ อ่านเปรื่อง,^eบรรณาธิการ
710 2  มหาวิทยาลัยมหิดล. ^bคณะแพทยศาสตร์ศิริราชพยาบาล.^bภาควิชากุมารเวชศาสตร์
945    ^p0^l0^i030407
945    ^p0^l0^i030408
945    ^p0^l0^i031151
995    ทศพร
999 ^a ทศพร
รายการนี้ยังไม่มีแท็ก
คุณยังไม่ได้ล็อกอิน คุณสามารถมีกิจกรรมร่วมกับเว็บไซต์ได้ แต่ต้องล็อกอินก่อน ::
  ล็อกอิน

รายการสื่อสารสนเทศ

ลำดับที่ ประเภท เลขเรียก/บาร์โค้ด สถานที่ สถานะ
1. วิทยาศาสตร์การแพทย์ และสุขภาพ
หนังสือสำรอง
สถานะ=หนังสือสำรอง
WS200 ป319อ ฉ.1 
  Barcode: 030407
ห้องสมุดวิทยาเขตสวรรค์ประชารักษ์
►ส่วนจัดเก็บหนังสือเก่า สปร
บนชั้น
  ขอยืม
2. วิทยาศาสตร์การแพทย์ และสุขภาพ
วิทยาศาสตร์การแพทย์ และสุขภาพ
WS200 ป319อ ฉ.2 
  Barcode: 030408
ห้องสมุดวิทยาเขตสวรรค์ประชารักษ์
►ส่วนจัดเก็บหนังสือเก่า สปร
บนชั้น
  ขอยืม
3. วิทยาศาสตร์การแพทย์ และสุขภาพ
วิทยาศาสตร์การแพทย์ และสุขภาพ
WS200 ป319อ ฉ.3 
  Barcode: 031151
ห้องสมุดวิทยาเขตสวรรค์ประชารักษ์
►ส่วนจัดเก็บหนังสือเก่า สปร
บนชั้น
  ขอยืม

BibComment


ยังไม่เคยถูกคอมเมนท์

คอมเมนท์ทรัพยากรรายการนี้
  คอมเมนท์: Acute care pediat..


 Copyright 2026. Bcnsprnw @Library